[Event "45th FIDE Chess Olympiad Open"]
[Site "Budapest, Hungary"]
[Date "2024.09.12"]
[Round "2"]
[White "Quintiliano, Renato R."]
[Black "Garzon Zapatanga, Christopher Leonel"]
[Result "1-0"]
[WhiteElo "2499"]
[BlackElo "2216"]
[PlyCount "95"]
[EventDate "2024.??.??"]
[WhiteTeam "Brazil"]
[BlackTeam "Ecuador"]
[WhiteTeamCountry "BRA"]
[BlackTeamCountry "ECU"]
[WhiteClock "0:29:15"]
[BlackClock "0:29:18"]

1. d4 {Krasenkow,Michal} Nf6 2. c4 g6 3. Nc3 Bg7 4. e4 d6 5. Nf3 O-O 6. Be2 e5 7. d5 a5 8. h3 Na6 9. Bg5 Qe8 10. g4 Bd7 ({RR} 10... Kh8 11. Nd2 ({RR} 11. Be3) 11... Ng8 12. h4 f5 ({RR} 12... f6 13. Be3 f5 14. gxf5 gxf5 15. exf5 Bxf5 ({RR} 15... Nh6 16. Bh5 Qd7 17. f6 Rxf6 18. Nde4 Rf8 19. Qd2 Nf5 20. O-O-O) ({RR} 15... Bh6 16. Bg5 Bxg5 17. hxg5 Bxf5 18. Nde4) 16. Nde4 Nf6 17. Ng3 Qd7 18. h5 Rf7 19. h6 Bf8 20. Bd3 Bxd3 21. Qxd3 Ng4 22. Nce4 Nxe3 23. fxe3 Qg4 24. Kd2) ({RR} 12... h6 13. Be3 f5) 13. gxf5 ({RR} 13. f3 fxg4 ({RR} 13... f4 14. h5 Bf6 15. hxg6 Qxg6 16. Bxf6+ Nxf6 17. Nb3 b6 18. Qd2 Bd7 19. O-O-O) 14. fxg4 Nf6) 13... gxf5 14. Bh5 ({RR} 14. exf5 Bxf5 15. Nde4 Nf6 16. Ng3 Qd7 17. Rg1 Nb4 18. Rc1 e4) 14... Qd7 15. Qe2 ({RR} 15. exf5 Qxf5 16. Nde4 Nc5 17. Qe2 Nxe4 18. Nxe4 Nf6 19. Ng3 Qd7 20. Rg1 c6) 15... Nf6 16. Bf3 fxe4 ({RR} 16... Nc5 17. O-O-O fxe4 ({RR} 17... Qf7) 18. Ndxe4 Nfxe4 19. Nxe4 Qf5 20. Bg2 Nxe4 21. Bxe4 Qxf2 22. Qh5 ({RR} 22. Qxf2 Rxf2 23. Rdf1 Rxf1+ 24. Rxf1 Bg4 25. Rf7 Rc8) 22... Bf5 23. Rhf1 Bxe4 24. Rxf2 Rxf2) 17. Ndxe4 Nxe4 18. Nxe4 Nb4 ({RR} 18... Nc5 19. Nxc5 dxc5 20. Rg1) ({RR} 18... b6 19. Rg1 Nc5 20. Nxc5 bxc5 21. Be4 Qf7 22. f3) 19. Bg2 Qa4 ({RR} 19... c6) 20. Nc3 Qc2 21. Be4 Qxe2+ 22. Kxe2 Bg4+ 23. f3 Bh5 24. Rag1 Rf7 ({RR} 24... Na6 25. Be3 Bf6) 25. Be3 {1-0 Wei,Y (2743)-Jones,G (2640) Tata Steel-A 80th 2018 (4)} {RR} Rff8) ({RR} 10... Nd7 11. a3 Nb6 12. b3 Bd7 13. Rg1 Kh8 14. Be3 Qe7 15. h4 f5 16. g5 f4 17. Bxb6 cxb6 18. Nd2 f3 19. Bxf3 Rf4 20. Qe2 Rxh4 21. O-O-O Nc5 22. Kb2 Rf8 23. Rdf1 Rff4 24. b4 Na6 25. Kb3 {1-0 Hahn,M (2314)-Lohr,M (2047) 34th Staufer-Open 2024 (4.22)}) 11. Nd2 h6 $146 ({RR} 11... c6 12. h4 cxd5 13. exd5 Nc5 14. Be3 Qc8 15. Rg1 Kh8 16. g5 Nh5 17. Nde4 Ra6 18. Nxc5 dxc5 19. Ne4 b6 20. Bxh5 gxh5 21. Qxh5 Bf5 22. Qf3 Bxe4 23. Qxe4 Qc7 24. O-O-O b5 25. cxb5 Rd6 26. h5 {1-0 Cederstam Barsk,C (2259)-Nilsson,C (2022) Stockholm op 2014 (2)}) ({RR} 11... Nc5 12. h4 h6 13. Be3 Nh7 14. Nf1 Qe7 15. Qd2 Nf6 16. f3 h5 17. Bg5 hxg4 18. h5 gxh5 19. Ng3 gxf3 20. Bxf3 Qe8 21. Bxf6 Bxf6 22. Nxh5 Qe7 23. Qh6 Bh4+ 24. Ke2 {1-0 Jacimovic,D (2424)-Mitkovski,Z (2168) FRM-chT 19th 2010 (1)}) ({RR} 11... Nc5 12. f3 h6 13. Be3 Nh7 14. Nb3 Qe7 15. Nxc5 dxc5 16. Qd2 f5 17. exf5 gxf5 18. O-O-O f4 19. Bf2 Ng5 20. Bh4 Be8 21. Bd3 Bf6 22. Bxg5 Bxg5 23. Bf5 Bh4 24. Ne4 Ra6 25. Kb1 b5 26. Rc1 {1-0 Kuzubov,Y (2626)-Esenov,A (2338) Gurgon op 1st 2009 (3)}) 12. Be3 Nh7 13. h4 f5 14. gxf5 gxf5 15. exf5 Bxf5 16. Nde4 Nf6 17. f3 Nh5 18. Qd2 Nf4 19. O-O-O b6 20. Rdg1 Kh8 21. Bd1 Nc5 22. Bc2 Qe7 23. Rg3 Rf7 24. Rhg1 Bh7 25. Nxc5 bxc5 26. Bxh7 Kxh7 27. Rg4 Raf8 28. Ne2 h5 29. Rg5 Bh6 30. Bxf4 Rxf4 31. Nxf4 Bxg5 32. Rxg5 Rxf4 33. Rxh5+ Kg6 34. Rg5+ Kh6 35. Rg4 Qf6 36. Rxf4 exf4 37. Qxa5 Qxh4 38. Qc3 Qe7 39. a4 Kg5 40. Kd1 Qh7 41. a5 Qh1+ 42. Kc2 Qh2+ 43. Kb3 Qe2 44. Qg7+ Kf5 45. Qg4+ Kf6 46. Qxf4+ Kg7 47. Qg4+ Kf6 48. Qe6+ 1-0

[Event "45th FIDE Chess Olympiad Open"]
[Site "Budapest, Hungary"]
[Date "2024.09.12"]
[Round "2"]
[White "Mieles Palau, Daniel"]
[Black "Di Berardino, Diego Rafael"]
[Result "0-1"]
[WhiteElo "2321"]
[BlackElo "2472"]
[PlyCount "54"]
[EventDate "2024.??.??"]
[WhiteTeam "Ecuador"]
[BlackTeam "Brazil"]
[WhiteTeamCountry "ECU"]
[BlackTeamCountry "BRA"]
[WhiteClock "0:01:05"]
[BlackClock "0:13:58"]

1. c4 c5 2. Nf3 Nf6 3. Nc3 d5 4. cxd5 Nxd5 5. g3 Nc6 6. Bg2 Nc7 7. O-O e5 8. d3 Be7 9. Nd2 Bd7 10. Nc4 f6 11. f4 b5 12. Ne3 O-O 13. Ned5 ({RR} 13. a4 b4 14. Ne4 f5 15. Nd2 exf4 16. gxf4 Bf6 17. Nb3 Qe7 18. Nc4 Rae8 19. e3 Rd8 20. Qc2 Be8 21. Bd2 Ne6 22. Rad1 Qd7 23. Be1 Bh5 24. Rd2 Ne7 25. Bg3 Kh8 26. Kh1 Qxa4 27. Ra1 Qd7 {0-1 Meier,G (2628)-Nepomniachtchi,I (2789) World Corporate Final rapid 2021 (4)}) 13... Rb8 14. Nxc7 Qxc7 15. a4 $146 ({RR} 15. Nd5 Qd6 16. Nxe7+ Qxe7 17. Be3 exf4 18. Bxf4 Rb6 19. Qd2 Bg4 20. e4 Rd8 21. h3 Be6 22. Rfd1 Nb4 23. Qc3 Nxa2 24. Qa5 Nb4 25. Qxa7 Rb7 26. Qa5 Nc6 27. Qa6 Nb4 28. Qa5 Nxd3 29. e5 Rbd7 {0-1 Lindenmaier,R-Palkovi,J (2405) Oberliga Wuerttemberg 9293 1992}) ({RR} 15. f5 Nd4 16. g4 Bc6 17. Ne4 Ba8 18. Be3 Qa5 19. a4 Qb4 20. axb5 Qxb2 21. Rxa7 Rfe8 22. Bxd4 Qxd4+ 23. Kh1 Rxb5 24. Qa1 Rbb8 25. Qa6 Kh8 26. g5 Bxe4 27. Bxe4 c4 28. gxf6 Bxf6 29. Rf7 cxd3 {½-½ Edouard,R (2527)-Sengupta,D (2501) Hastings Masters 2023-24 (7.4)}) 15... b4 16. Nd5 Qd6 17. Be3 Nd4 18. fxe5 fxe5 19. Nxe7+ Qxe7 20. Bxd4 exd4 21. Qb3+ Kh8 22. Rxf8+ Rxf8 23. Qd5 Bg4 24. Be4 Bxe2 25. Kg2 c4 26. Qxd4 cxd3 27. Bxd3 Bf3+ 0-1

[Event "45th FIDE Chess Olympiad Open"]
[Site "Budapest, Hungary"]
[Date "2024.09.12"]
[Round "2"]
[White "Wiedenkeller, Michael"]
[Black "Grandelius, Nils"]
[Result "0-1"]
[WhiteElo "2406"]
[BlackElo "2653"]
[PlyCount "63"]
[EventDate "2024.??.??"]
[WhiteTeam "Luxembourg"]
[BlackTeam "Sweden"]
[WhiteTeamCountry "LUX"]
[BlackTeamCountry "SWE"]
[WhiteClock "0:30:30"]
[BlackClock "0:02:40"]

1. d4 Nf6 2. Bg5 b6 3. Nd2 Bb7 4. Ngf3 d6 5. Bxf6 exf6 6. e4 g6 7. Bd3 Bg7 8. O-O O-O 9. a4 $146 ({RR} 9. Re1 Nd7 10. Nc4 Re8 11. c3 Nf8 12. Nfd2 c6 13. Qb3 Qc7 14. a4 Rab8 15. Ne3 Nd7 16. h4 Bh6 17. h5 Bxe3 18. Rxe3 d5 19. Rae1 Kg7 20. exd5 Rxe3 21. Rxe3 cxd5 22. Qb4 Nf8 23. h6+ Kg8 {1-0 Boss,I (2128)-Kuespert,H (2019) Oberfranken-ch M 0910 2010 (1)}) 9... Nc6 10. c3 d5 11. b4 dxe4 12. Bxe4 f5 13. Bd3 Ne7 14. Qb3 Rb8 15. Bc4 Nd5 16. Rad1 c5 17. Rfe1 cxb4 18. cxb4 Nf4 19. d5 Rc8 20. Nf1 Qd6 21. g3 Nh5 22. Nd4 Bxd4 23. Rxd4 Nf6 24. Ne3 Rfe8 25. Red1 Re4 26. Rxe4 Nxe4 27. Bf1 f4 28. Nc4 Qf6 29. Qf3 fxg3 30. Qxf6 Nxf6 31. hxg3 Bxd5 32. Nd6 0-1

[Event "45th FIDE Chess Olympiad Open"]
[Site "Budapest, Hungary"]
[Date "2024.09.12"]
[Round "2"]
[White "Hillarp Persson, Tiger"]
[Black "Berend, Fred"]
[Result "1/2-1/2"]
[WhiteElo "2457"]
[BlackElo "2230"]
[PlyCount "97"]
[EventDate "2024.??.??"]
[WhiteTeam "Sweden"]
[BlackTeam "Luxembourg"]
[WhiteTeamCountry "SWE"]
[BlackTeamCountry "LUX"]
[WhiteClock "0:01:18"]
[BlackClock "0:19:39"]

1. Nf3 Nf6 2. g3 d5 3. Bg2 c5 4. c4 dxc4 5. Na3 Nc6 6. Nxc4 g6 7. b3 Bg7 8. Bb2 O-O 9. O-O Be6 10. Rc1 Rc8 11. d4 cxd4 12. Nxd4 Bd5 13. Nxc6 Bxc6 14. Bxc6 $146 ({RR} 14. Qxd8 Rfxd8 15. Rfd1 Bxg2 16. Kxg2 Nd5 17. Bxg7 Kxg7 18. a3 Nf6 19. Rxd8 Rxd8 20. Ne3 Ne8 {½-½ Johansen,D (2485)-Prasad,D (2415) Kuala Lumpur op 1992 (4)}) 14... Rxc6 15. Qxd8 Rxd8 16. Rfd1 Rb8 17. Kf1 Ne8 18. Bxg7 Kxg7 19. Ne5 Rxc1 20. Rxc1 Rd8 21. Ke1 Kf6 22. Nd3 Nd6 23. f3 Rc8 24. Rxc8 Nxc8 25. Kd2 e6 26. e4 Ke7 27. Kc3 Kd6 28. Kd4 Ne7 29. e5+ Kc6 30. Nf2 Nf5+ 31. Ke4 h6 32. Nd3 a5 33. Nb2 b5 34. a3 Ne7 35. Nd3 Kb6 36. g4 Nd5 37. Kd4 Ne7 38. h4 Nc6+ 39. Ke4 Ne7 40. Kd4 Nc6+ 41. Ke3 Ne7 42. Ke4 Nc6 43. Ke3 Ne7 44. Nf2 Nc6 45. Ke4 Ne7 46. Nd3 Nc6 47. Nf2 Kc5 48. Nd3+ Kb6 49. Ke3 1/2-1/2

[Event "45th FIDE Chess Olympiad Open"]
[Site "Budapest, Hungary"]
[Date "2024.09.12"]
[Round "2"]
[White "Berend, Elvira"]
[Black "Lokander, Martin"]
[Result "0-1"]
[WhiteElo "2219"]
[BlackElo "2469"]
[PlyCount "88"]
[EventDate "2024.??.??"]
[WhiteTeam "Luxembourg"]
[BlackTeam "Sweden"]
[WhiteTeamCountry "LUX"]
[BlackTeamCountry "SWE"]
[WhiteClock "0:29:42"]
[BlackClock "0:32:40"]

1. d4 {Bulletin} Nf6 2. Nf3 c5 3. e3 d5 4. c4 cxd4 5. exd4 g6 6. Nc3 Bg7 7. cxd5 Nxd5 8. Qb3 Nb6 9. Bb5+ Bd7 10. a4 O-O 11. a5 Be6 12. Qd1 Nd5 13. O-O a6 14. Be2 Nc6 15. Qa4 Rc8 $146 ({RR} 15... Qd6 16. Ne4 Qb4 17. Nc5 Nxd4 18. Nxd4 Bxd4 19. Nxe6 fxe6 20. Bh6 Bg7 ({RR} 20... Rfd8) 21. Bg4 Qd6 22. Qe4 e5 23. Rad1 Bxh6 24. Rxd5 Rf4 25. Qd3 ({RR} 25. Qxf4) ({RR} 25. Rxd6) 25... Qf6 26. Bf3 Rf8 27. Rd8 b5 28. Qd5+ Kh8 29. Rxf8+ Bxf8 30. b3 {1-0 Vuckovic,A-Schwarz,M (2315) GER-ch U20 Germany 1991}) ({RR} 15... b5 16. axb6 Qxb6 17. Bc4 Ncb4 18. Qb3 Qd6 19. Ne4 Qb6 20. Nc5 Bxd4 21. Nxe6 fxe6 22. Bh6 Rf5 23. Rad1 Bc5 24. Rd2 Rh5 25. Bg5 h6 26. Bh4 Rf8 27. Bg3 Bd6 28. Re1 Rf6 29. Rde2 Bf4 30. Qa4 {½-½ Sevillano,E (2507)-Dean,J (2235) Las Vegas National op 2010 (2)}) 16. Rd1 h6 17. h3 Ncb4 18. Nxd5 Nxd5 19. Ne5 Qd6 20. Nd3 Bd7 21. Qb3 Bb5 22. Bf3 Bc4 23. Qa4 Bxd4 24. Bxh6 Rfd8 25. Rac1 b5 26. axb6 Nxb6 27. Qa5 e5 28. Nb4 Bb3 29. Rxc8 Rxc8 30. Re1 Bxb2 31. Nc6 Nd5 32. Bxd5 Bxd5 33. Ne7+ Qxe7 34. Qxd5 Qf6 35. Be3 Rd8 36. Qa5 Bd4 37. Qa3 Kg7 38. Qc1 a5 39. Bh6+ Kh7 40. Rf1 Qf5 41. Bg5 Rc8 42. Qd2 Rc2 43. g4 Rxd2 44. gxf5 Rd3 0-1

[Event "45th FIDE Chess Olympiad Open"]
[Site "Budapest, Hungary"]
[Date "2024.09.12"]
[Round "2"]
[White "Pantzar, Milton"]
[Black "Mertens, Marc"]
[Result "1-0"]
[WhiteElo "2437"]
[BlackElo "2120"]
[PlyCount "105"]
[EventDate "2024.??.??"]
[WhiteTeam "Sweden"]
[BlackTeam "Luxembourg"]
[WhiteTeamCountry "SWE"]
[BlackTeamCountry "LUX"]
[WhiteClock "0:14:58"]
[BlackClock "0:08:28"]

1. d4 Nf6 2. c4 g6 3. Nc3 d5 4. Nf3 Bg7 5. Bg5 Ne4 6. Bf4 c5 ({RR} 6... O-O 7. Nxd5 c5 8. Nc3 Qa5 9. e3 Nc6 10. Rc1 Rd8 11. d5 Nxc3 12. bxc3 Bxc3+ 13. Nd2 e6 14. e4 Nd4 15. Bd3 Bb2 16. Rb1 Qxa2 17. O-O a5 18. Bc7 Rd7 19. Bb6 Qa3 20. Bxc5 Qxc5 21. Rxb2 {½-½ Gelfand,B (2759)-Grischuk,A (2795) Sochi Tal Memorial Blitz 2014 (15)}) 7. cxd5 ({RR} 7. e3 cxd4 8. exd4 Nxc3 9. bxc3 O-O 10. cxd5 Qxd5 11. Bd3 Bg4 12. Be2 Nc6 13. O-O Rfd8 14. h3 Bf5 15. Qb3 Qd7 16. Rfd1 Rac8 17. Rac1 Na5 18. Qb2 e6 19. Qa3 b6 20. Ne5 Qb7 21. Bf3 Be4 {½-½ Dicen,E (2060)-Flores,N (1974) Titled Tue 20th Aug Early 2024 (9)}) 7... Qa5 $146 ({RR} 7... Nxc3 8. bxc3 Qxd5 9. e3 b6 10. Bb5+ Bd7 11. Bxd7+ Nxd7 12. O-O Qe4 13. Qa4 a6 14. c4 Ra7 15. Rac1 O-O 16. Rfd1 Rc8 17. Bg3 cxd4 18. exd4 Bh6 19. Re1 Qd3 20. Rcd1 Qc3 21. Qb3 Qxc4 22. Qxc4 {0-1 Repasi,Z (2166)-Torok,S (2290) Gyongyos Matra Cup 2003 (3)}) ({RR} 7... Nxc3 8. bxc3 cxd4 9. cxd4 Qxd5 10. e3 Qa5+ 11. Qd2 Qxd2+ 12. Kxd2 Nc6 13. Bb5 Bd7 14. Rab1 a6 15. Bd3 b5 16. Rhc1 O-O 17. d5 Na5 18. Rc7 Rfd8 19. e4 Rac8 20. Rbc1 Nc4+ 21. Bxc4 Rxc7 22. Bxc7 {1-0 Yilmaz,M (2630)-Ohanyan,E (2324) Titled Arena May 8th blitz 2021}) ({RR} 7... Nxc3 8. bxc3 Qxd5 9. e3 cxd4 10. cxd4 Nc6 11. Be2 b6 12. O-O Bb7 13. h4 O-O 14. h5 Rfc8 15. h6 Bf8 16. Qa4 Nd8 17. Rfc1 Ne6 18. Bg3 Rxc1+ 19. Rxc1 Bxh6 20. Rc3 Bg7 21. Ne1 Qf5 22. Bf3 {0-1 Vega Gutierrez,S (2385)-Shirov,A (2704) Salamanca Masters 4th 2021 (3)}) 8. Be5 cxd4 9. Qxd4 Nxc3 10. b4 Nb5 11. bxa5 Nxd4 12. Bxg7 Nxf3+ 13. exf3 Rg8 14. Bd4 e6 15. Rc1 Bd7 16. dxe6 fxe6 17. Bc4 Nc6 18. Bc3 Ne7 19. O-O Nd5 20. Bd4 Bc6 21. Rfe1 Kd7 22. Bb3 a6 23. Be5 Rac8 24. h3 Bb5 25. Kh2 Rc6 26. Red1 Rgc8 27. Rb1 Rc5 28. Bd4 R5c6 29. Be5 Rc5 30. Bd4 R5c6 31. a4 Bc4 32. Be5 b5 33. axb5 Bxb5 34. f4 Rc5 35. Bd4 R5c6 36. Be5 Ke7 37. Bxd5 exd5 38. Rxd5 Rc2 39. Bd4 Kf7 40. f5 Re8 41. fxg6+ hxg6 42. Rd6 Re6 43. Rxe6 Kxe6 44. Rb3 Ra2 45. Bb6 Rc2 46. Rg3 Kf5 47. Rf3+ Ke5 48. Re3+ Kd5 49. Re7 Rc3 50. Rg7 Bd3 51. Kg3 Ra3 52. h4 Ra4 53. Rd7+ 1-0

[Event "45th FIDE Chess Olympiad Open"]
[Site "Budapest, Hungary"]
[Date "2024.09.12"]
[Round "2"]
[White "Makhnev, Denis"]
[Black "Bagheri, Amir"]
[Result "1/2-1/2"]
[WhiteElo "2551"]
[BlackElo "2372"]
[PlyCount "60"]
[EventDate "2024.??.??"]
[WhiteTeam "Kazakhstan"]
[BlackTeam "Monaco"]
[WhiteTeamCountry "KAZ"]
[BlackTeamCountry "MNC"]
[WhiteClock "0:07:11"]
[BlackClock "0:07:55"]

1. d4 Nf6 2. c4 e6 3. Nf3 Bb4+ 4. Bd2 a5 5. a3 Bxd2+ 6. Qxd2 b6 7. Nc3 Bb7 8. e3 Ne4 9. Nxe4 Bxe4 10. Bd3 Bxd3 11. Qxd3 d6 12. g4 $146 ({RR} 12. O-O Nd7 13. e4 e5 14. Rfd1 O-O 15. c5 bxc5 16. dxe5 Nxe5 17. Nxe5 dxe5 18. Qc3 Qe7 19. Rd5 Rab8 20. Rxe5 Qd6 21. Rd5 Qe6 22. f3 a4 23. Rad1 Rb3 24. Qxc5 h6 25. Qxc7 Rxb2 26. h4 Rfb8 {0-1 Koziorowicz,M (2288)-Decker,T (2300) Titled Tue 27th Aug Early 2024 (11)}) ({RR} 12. O-O Nd7 13. b4 O-O 14. e4 e5 15. h3 Qe7 16. Rfe1 Rfe8 17. d5 Ra7 18. Nd2 Rea8 19. Nb3 axb4 20. axb4 g6 21. Rxa7 Rxa7 22. Ra1 Rxa1+ 23. Nxa1 Qg5 24. Nb3 h5 25. Qd2 Qxd2 26. Nxd2 Nb8 {½-½ Parligras,M (2565)-Istratescu,A (2389) Final ROM GP KO 2022 (3.2)}) 12... Nd7 13. h4 h6 14. Ke2 a4 15. g5 Ra5 16. Rhg1 Qa8 17. Rg3 Nf8 18. Rag1 h5 19. g6 f6 20. Rd1 Nd7 21. d5 Nc5 22. Qc2 e5 23. Nd2 Kd8 24. e4 b5 25. b4 axb3 26. Nxb3 Rxa3 27. Rd2 b4 28. Nxc5 dxc5 29. Rxa3 Qxa3 30. d6 Qa6 1/2-1/2

[Event "45th FIDE Chess Olympiad Open"]
[Site "Budapest, Hungary"]
[Date "2024.09.12"]
[Round "2"]
[White "Efimov, Igor"]
[Black "Suleymenov, Alisher"]
[Result "0-1"]
[WhiteElo "2338"]
[BlackElo "2484"]
[PlyCount "64"]
[EventDate "2024.??.??"]
[WhiteTeam "Monaco"]
[BlackTeam "Kazakhstan"]
[WhiteTeamCountry "MNC"]
[BlackTeamCountry "KAZ"]
[WhiteClock "0:16:48"]
[BlackClock "0:30:39"]

1. Nf3 {Avrukh,Boris} Nf6 2. d4 g6 3. g3 Bg7 4. Bg2 d5 5. O-O O-O 6. Nbd2 a5 7. b3 ({RR} 7. a4 Nc6 ({RR} 7... Na6 8. Nb3 ({RR} 8. Ne5 c5 9. e3 Bf5 10. g4 Be6 11. f4 cxd4 12. exd4 Qb6 13. c3) 8... b6 9. c3 Bb7 10. Bf4 c5 11. Ne5 e6 12. Qc1 Rc8 13. Bh6 cxd4 14. Nxd4 Nd7) 8. c3 Re8 9. c4 Bf5 10. cxd5 Nb4 11. Ne1 Nbxd5 12. e4 Bg4 13. Bf3 Bxf3 14. Qxf3 Nb4 15. Nb3 e5 16. d5 c6 17. dxc6 Nxc6 18. Bg5 Qb6 19. Bxf6 Bxf6 20. Nc2 Bg7 21. Rfd1 Rad8 {½-½ Mosadeghpour,M (2473)-Babujian,L (2346) 2nd Taq-e Bostan Cup 2024 (6.2)}) ({RR} 7. Ne5 c5 ({RR} 7... Ng4 8. Nxg4 Bxg4 9. h3 Be6 10. c3 c6 11. a4 Nd7 12. e4 dxe4 13. Nxe4) 8. c3 cxd4 9. cxd4 Qb6 10. Ndf3 Nc6 ({RR} 10... Bf5 11. b3 Be4 12. Ba3 Re8 13. Bc5 Qc7 14. Rc1 Nc6 15. Nxc6 bxc6 16. e3) 11. b3 Ne4 12. Nxc6 ({RR} 12. Bb2 a4) 12... bxc6 13. Ba3 a4 14. e3 ({RR} 14. Bxe7 Re8 15. Bc5 ({RR} 15. Ba3 Nc3 16. Qd2 Nxe2+ 17. Kh1 Nxd4) 15... Nxc5 16. dxc5 Qa6 17. Rc1 Rxe2 ({RR} 17... Qxe2 18. Re1 Qxd1 19. Rcxd1 Be6 20. Nd4) 18. Rc2 Rxc2 19. Qxc2 Bf5) 14... Re8 15. Ne5 Bf5 ({RR} 15... Ba6 16. Re1 axb3 17. axb3 ({RR} 17. Qxb3 Qxb3 18. axb3 Bxe5 19. dxe5 Nd2 20. b4 Nc4) 17... Bxe5 18. dxe5 Nc5 19. Qd4 Nd7 20. Rec1) 16. f3 Nc3 17. Qd2 Bxe5 18. Qxc3 ({RR} 18. Bc5 Qb5 19. Qxc3 Bg7 20. e4 Be6 21. b4) ({RR} 18. dxe5 axb3 19. Qxc3 Rxa3 20. axb3 Rxb3) 18... Bd6 19. Bc5 ({RR} 19. Bxd6 exd6 20. b4 a3 21. Rfc1 Rec8 22. g4 Be6 23. Rab1) 19... Bxc5 20. dxc5 Qb5 21. b4 a3 {½-½ Efimov,I (2494)-Romanishin,O (2572) Cutro 05th 1999 (1)} {RR} 22. e4 Be6 ({RR} 22... dxe4 23. fxe4 Be6 24. Rfd1) 23. Rfd1 Red8 24. e5) ({RR} 7. a4 c6 8. Ne5 Ng4 9. Ndf3 Nxe5 10. Nxe5 Nd7) ({RR} 7. Re1 Nc6 8. c3 Bf5 9. Nh4 Be6 10. e4 dxe4 11. Nxe4 Nxe4 12. Bxe4 Bd5 13. Bd3 e5) 7... a4 8. Ba3 c6 $146 ({RR} 8... Ne4 9. Nxe4 dxe4 10. Ne5 f6 11. Nc4 f5 12. e3 Nc6 13. f4 b5 14. Ne5 Bxe5 15. fxe5 b4 16. Bb2 e6 17. Qd2 Ba6 18. Rfd1 Qd5 19. Rac1 Rfd8 20. c4 bxc3 21. Qxc3 Bb5 22. Qe1 Qd7 23. d5 {1-0 Vachier Lagrave,M (2811)-Ragger,M (2700) Bundesliga 1617 2016 (14.2)}) ({RR} 8... Re8 9. e3 Bf5 10. c4 c6 11. Qe2 Nbd7 12. Rfc1 e5 13. dxe5 Nxe5 14. Nxe5 Rxe5 15. Bb2 Re8 16. cxd5 cxd5 17. Nf3 Be4 18. bxa4 Rxa4 19. Qb5 Qa5 20. Qxa5 Rxa5 21. Rc7 Rb5 22. Bd4 Bxf3 23. Bxf3 {½-½ Vachier Lagrave,M (2780)-Ding,L (2805) Abidjan GCT rapid 2019 (2)}) ({RR} 8... Re8 9. e3 Bf5 10. c4 c6 11. Qe2 Nbd7 12. cxd5 Nxd5 13. e4 Nc3 14. Qe3 Nb5 15. exf5 Nxa3 16. fxg6 hxg6 17. Rac1 Nb5 18. Rfd1 Nf6 19. Nc4 Nd5 20. Qd2 axb3 21. axb3 e6 22. h4 Ne7 23. Ne3 {½-½ Vachier Lagrave,M (2780)-Ding,L (2805) Abidjan GCT blitz 2019 (6)}) 9. e3 Bf5 10. Ne5 Nbd7 11. g4 Nxe5 12. gxf5 Neg4 13. Qf3 Nh6 14. fxg6 hxg6 15. Qh3 Re8 16. f4 axb3 17. axb3 Qa5 18. b4 Qb5 19. Rfe1 Ra4 20. Bf1 Qb6 21. b5 Qa5 22. Nb3 Qc3 23. e4 Nxe4 24. Qxc3 Nxc3 25. bxc6 bxc6 26. Bb2 Rxa1 27. Rxa1 Ne4 28. Ra7 c5 29. Na5 Rb8 30. Nb7 Nf5 31. Bd3 Nxd4 32. Kg2 Nc6 0-1

[Event "45th FIDE Chess Olympiad Open"]
[Site "Budapest, Hungary"]
[Date "2024.09.12"]
[Round "2"]
[White "Zhalmakhanov, Ramazan"]
[Black "Levacic, Damir"]
[Result "1-0"]
[WhiteElo "2497"]
[BlackElo "2097"]
[PlyCount "67"]
[EventDate "2024.??.??"]
[WhiteTeam "Kazakhstan"]
[BlackTeam "Monaco"]
[WhiteTeamCountry "KAZ"]
[BlackTeamCountry "MNC"]
[WhiteClock "0:04:33"]
[BlackClock "0:01:44"]

1. e4 g6 2. d4 Bg7 3. Nc3 d6 4. f4 a6 5. Nf3 Nd7 6. e5 Nh6 7. Bd3 c5 8. e6 fxe6 9. Ng5 Nf8 10. dxc5 d5 11. Na4 Rb8 $146 ({RR} 11... Qa5+ 12. c3 Bd7 13. Nb6 Rd8 14. Nxd7 Rxd7 15. Qc2 Qxc5 16. Rf1 Nf5 17. g4 Ne3 18. Bxe3 Qxe3+ 19. Qe2 Qxe2+ 20. Kxe2 h6 21. Nf3 g5 22. fxg5 hxg5 23. Rh1 e5 24. Nxg5 e4 25. Bc2 Rh4 26. c4 {0-1 Naboka,S (2290)-Vokac,M (2427) Prague op-A 13th 2014 (6)}) 12. c3 Qc7 13. O-O Bd7 14. Be3 Nf5 15. Bxf5 exf5 16. Nb6 Bc6 17. Bd4 Rg8 18. Qb3 Rd8 19. Rae1 h6 20. Ne6 Nxe6 21. Rxe6 Kf7 22. Rfe1 Rge8 23. R1e5 Bf6 24. Nxd5 Bxd5 25. Rxd5 Bxd4+ 26. cxd4 Kg7 27. Qg3 g5 28. Rxf5 Rxd4 29. Rxg5+ Kf7 30. Qb3 Rd1+ 31. Re1+ e6 32. Qxd1 hxg5 33. Qh5+ Kf8 34. Qh8+ 1-0

[Event "45th FIDE Chess Olympiad Open"]
[Site "Budapest, Hungary"]
[Date "2024.09.12"]
[Round "2"]
[White "Meylan, Andre"]
[Black "Ansat, Aldiyar"]
[Result "0-1"]
[WhiteElo "2165"]
[BlackElo "2457"]
[PlyCount "120"]
[EventDate "2024.??.??"]
[WhiteTeam "Monaco"]
[BlackTeam "Kazakhstan"]
[WhiteTeamCountry "MNC"]
[BlackTeamCountry "KAZ"]
[WhiteClock "0:18:34"]
[BlackClock "0:32:28"]

1. e4 {Ernst,Thomas} c5 2. Nf3 d6 3. d4 cxd4 4. Nxd4 Nf6 5. Nc3 Nc6 6. Be2 g6 7. Be3 Bg7 8. O-O O-O 9. f4 Qb6 10. Qd3 ({RR} 10. e5 dxe5 11. fxe5 Nxe5 12. Nf5 Qxb2 13. Nxe7+ Kh8 14. Bd4 Qb4 15. Bxe5 Qxe7 16. Qd4 Nh5) 10... Ng4 11. Bxg4 Bxd4 12. Nd5 Bxe3+ 13. Qxe3 Qxe3+ 14. Nxe3 Bxg4 15. Nxg4 f6 ({RR} 15... Rac8 16. Ne3 f6 17. Rad1 Na5 18. Rf2 Kf7 19. e5 dxe5 20. fxe5 Rfd8 21. Rdf1 f5 22. e6+ Kxe6 23. g4 fxg4 24. Re2 Nc6 25. Nxg4+ Kd6 26. b4 b5 27. c3 h5 28. Nf2 Rf8 29. a4 {½-½ Grosar,A (2455)-Ward,C (2455) Bern op 1992 (3)}) ({RR} 15... Rac8 16. c3 f6 17. Ne3 Kf7 18. Kf2 b5 19. Rfd1 Rb8 20. Rd5 Rfc8 21. Rad1 Rb6 22. g4 b4 23. Nc4 Rbb8 24. R1d3 bxc3 25. Rxc3 Nb4 26. Ra5 Nd3+ 27. Rxd3 Rxc4 28. b3 Rxe4 29. Rxa7 Rxf4+ 30. Kg3 {0-1 Gonzalez,L (1786)-Toro,M (2035) COL-ch U16 Bogota 2021 (6)}) 16. c3 b5 $146 ({RR} 16... Rac8 17. h3 Na5 18. Ne3 Nc4 19. Nxc4 Rxc4 20. Rae1 Rc5 21. g4 Kg7 22. Kg2 Re8 23. Rf2 Ra5 {½-½ Blanck,M (1989)-Zentgraf,R (2050) Mecklenburg VP LL1 0506 2005 (8.1)}) 17. Ne3 Kf7 18. Rad1 h5 19. Rf3 Rac8 20. Nc2 a5 21. Nd4 Nxd4 22. Rxd4 Rc5 23. Rfd3 Rb8 24. Kf2 b4 25. cxb4 axb4 26. Rb3 Rc2+ 27. Kf3 Ra8 28. a3 bxa3 29. bxa3 Ra2 30. Rdd3 h4 31. Re3 Ra4 32. h3 Ke6 33. Rbd3 Ra1 34. Rb3 Ra5 35. Rbd3 g5 36. f5+ Kf7 37. Rb3 Ra2 38. Red3 Re5 39. Rbc3 Ra1 40. Rd4 Rf1+ 41. Ke2 Rfxf5 42. Rf3 Rxf3 43. Kxf3 Rc5 44. Ra4 d5 45. exd5 Rxd5 46. Ra7 f5 47. a4 Rd3+ 48. Ke2 Ra3 49. a5 Kf6 50. a6 e6 51. Ra8 Ke5 52. a7 Kf4 53. Re8 Rxa7 54. Rxe6 Kg3 55. Re5 Ra2+ 56. Kf1 Rf2+ 57. Kg1 Rxg2+ 58. Kh1 Rd2 59. Re3+ Kf4 60. Ra3 Rf2 0-1

[Event "45th FIDE Chess Olympiad Open"]
[Site "Budapest, Hungary"]
[Date "2024.09.12"]
[Round "2"]
[White "Khusenkhojaev, Mustafokhuja"]
[Black "Neiksans, Arturs"]
[Result "1-0"]
[WhiteElo "2283"]
[BlackElo "2571"]
[PlyCount "87"]
[EventDate "2024.??.??"]
[WhiteTeam "Tajikistan"]
[BlackTeam "Latvia"]
[WhiteTeamCountry "TJK"]
[BlackTeamCountry "LAT"]
[WhiteClock "0:28:23"]
[BlackClock "0:17:36"]

1. d4 f5 2. Nf3 Nf6 3. g3 g6 4. Bg2 Bg7 5. O-O O-O 6. c4 d6 7. Nc3 c6 8. Rb1 a5 9. Qb3 h6 10. Rd1 Nbd7 11. Qc2 Qe8 12. d5 Nc5 13. Be3 cxd5 14. cxd5 a4 $146 ({RR} 14... b6 15. b4 axb4 16. Rxb4 Bd7 17. Nd4 Ng4 18. Bc1 g5 19. Ne6 Nxe6 20. dxe6 Bxe6 21. Bxa8 Qxa8 22. Bb2 Qe8 23. h3 Nf6 24. Nb5 f4 25. g4 Qf7 26. Nd4 Rc8 27. Qd3 Bc4 28. Qc2 Be6 29. Qd2 {½-½ Wojtaszek,R (2701)-Ivanchuk,V (2731) World Cup ACP rapid 2013 (1.1)}) 15. Rbc1 b6 16. h3 Nh5 17. Bd4 Bd7 18. Bxg7 Kxg7 19. Nd4 f4 20. g4 Nf6 21. b4 axb3 22. axb3 g5 23. b4 Na6 24. Qb2 h5 25. Ne6+ Bxe6 26. dxe6 hxg4 27. hxg4 Nc7 28. Bxa8 Qxa8 29. f3 Nxe6 30. Nd5 Qb7 31. Kg2 b5 32. Rd2 Rf7 33. Rh1 Qc6 34. Rh5 Kf8 35. Nxf6 Rxf6 36. Rh7 Ke8 37. Rc2 Qa6 38. Qc3 Nf8 39. Rh8 Kf7 40. Rh5 Rg6 41. Qd3 Qa4 42. Rc7 Qa2 43. Qf5+ Kg8 44. Rxe7 1-0